| 000 | 01072cab a2200229 4500 | ||
|---|---|---|---|
| 001 | ABS67309 | ||
| 008 | 040107n2003 000 0 eng u | ||
| 035 | _a(Sirsi) u124751 | ||
| 100 | _aPetherick, D. | ||
| 245 | _aTough new rules open buildings to all | ||
| 260 | _c2003 | ||
| 490 |
_aAccess by Design _v (97) Winter 2003, 29-31(3) |
||
| 520 | _aDiscusses the background to and the main changes in Building Regulations 2000 Approved Document M (2004 Edition) "Access to and use of buildings". The new requirements cover access and use, access to extensions to buildings other than dwellings, sanitary conveniences in extensions to buildings other than dwellings and sanitary conveniences in dwellings. | ||
| 590 | _aABS | ||
| 650 | _aBUILDING REGULATIONS 2000 APPROVED DOCUMENT M (2004 EDITION) | ||
| 650 | _aMANAGEMENT-BUSINESS MANAGEMENT-DISCRIMINATION-DISABILITY DISCRIMINATION-ACCESSIBILITY | ||
| 650 | _aEXTENSIONS | ||
| 650 |
_aBUILDING CONTROL _96222 |
||
| 650 | _aSANITARY FACILITIES | ||
| 690 | _aBUILT ENVIRONMENT-BUILDING STANDARDS | ||
| 942 | _n0 | ||
| 999 |
_c74040 _d74040 |
||